000 00331nam a2200157Ia 4500
100 _aMalhotra/Sachin/ Choudhary/Saurabh
650 _aJava
942 _cBK
366 _f25
245 _aProgramming in JAVA
260 _bOxford
_c2010
082 _a5.133
_bMAL
300 _a576
546 _aENGLISH
_cComputers
999 _c26625
_d26625